000
00278nam a22001337a 4500
008
190306b xxu||||| |||| 00| 0 eng d
020
_a
2740236997887
041
_a
eng
080
_a
371
100
_a
25
101
_a
EDU
245
_a
Crossroads
_c
Thiel, D
942
_2
udc
_c
BK
999
_c
54652
_d
54652